000 00294nam a22001217a 4500
082 _a080
_bPLA/B
245 _aBEST COMPANION TO THE MYSTIC LAND OF MUNNAR & TOUR KERALA ECO TOURISM PROJECTS IN KERALA
250 _a3
260 _bJOHNSON PALACKAL
300 _a96
650 _aGK
942 _cBK
999 _c6653
_d6653